Регионална библиотека "Любен Каравелов" - Русе

Незагаснали огньове (Запис номер 142000)

MARC детайли
000 -Лидер
Контролно поле с фиксирана дължина 01410nam a2200325 c 4500
003 - Код на организацията, давaща контролен номер
Контролно поле BLK
005 - Дата и час на последна редакция
Контролно поле 20180422112356.0
008 - Елементи от данни с фиксирана дължина
fixed length control field 180409b bul|||||r ||||||| ||bul||
010 ## - Наследен системен номер
LC control number KNG00148076000
040 ## - Източник на каталожния запис
Идентификатор на билиотеката - собственик на записа BLK
041 ## - Код за език
Код за езика на текст/звукозапис или на отделно заглавие Български
Код за езика КДБФ Български
080 ## - УДК
Текстов определител УДК Българска литература
УДК код - определител по УДК 821.163.2
УДК определител -93-32
УДК - код + определител 821.163.2-93-32
100 1# - Редна дума - Автор
Автор Северски, Цветан
Авторска отговорност първи автор
Автор - информация (биография) Банчев, Цветан Иванов
R(LIN) 369812
139 ## - Редно поле
Редна дума Северски, Цветан
Авторски знак Се - С 30
245 10 - Сведения за заглавието
Заглавие Незагаснали огньове
Подзаглавни данни Повест за деца
Редно поле (дума) Цветан Северски; худож. Мадлена Константинова; * Цветан Иванов Банчев.
257 ## - Страна на издаване
Страна на създаване/издаване България
260 ## - Област на издателските данни
-- София
Име на издателя, разпространителя и проч. Нар. младеж
Година на издаване 1973
300 ## - Физическа характеристика
Страници 132 с.
Илюстрации и др. с ил.
Размери/Мащаб 17 см
380 ## - Жанр
Жанр Детска худож. лит.
500 ## - Общи забележки
Забележка 20 125 тир. - Истинското име на авт. е Цветан Иванов Банчев.
653 ## - Ключова дума – ненормативна
Ключова дума литература за деца
653 ## - Ключова дума – ненормативна
Ключова дума детска литература
700 1# - Други автори (авторска отговорност)
Лично име Константинова, Мадлена
Автороска отговорност (Описва отношението между автора и произведението) худож.
9 (RLIN) 327533
700 1# - Други автори (авторска отговорност)
Лично име Банчев, Цветан Иванов
Автороска отговорност (Описва отношението между автора и произведението) *
9 (RLIN) 375677
852 ## - Местоположение
Форматна сигнатура Цб І 34966
856 4# - Електронен адрес и достъп
Електронен формат pdf - файл
Път до файла /url/
856 4# - Електронен адрес и достъп
Електронен формат pdf - файл
Път до файла /url/
942 ## - АРТИКУЛИ
Вид на библиотечния материал Книги
Скрит в OPAC Не
944 ## - СЪЗДАВАНЕ И РЕДАКЦИЯ на ЗАПИСА
Създаване/Редакция Създаване
Дата на регистрацията/редакция 01.08.2013
Статус, дата на статуса ф / 01.08.2013
Служител, извършил регистрацията/редакцията Люсиена_Милчева
944 ## - СЪЗДАВАНЕ И РЕДАКЦИЯ на ЗАПИСА
Създаване/Редакция Редакция
Дата на регистрацията/редакция 13.09.2017
Статус, дата на статуса ф / 01.08.2013
Служител, извършил регистрацията/редакцията Вася_Ганчева
999 ## - СИСТЕМНИ КОНТРОЛНИ НОМЕРА
Koha biblionumber 142000
Koha biblioitemnumber 142000
Наличности
Код за отписване Код за изгубен артикул Източник на класификационната схема Код за повреда Коз за рестрикции Код за отдаване Артикулен № Име на библиотеката - собственик Име на библиотеката, в която се намира в момента Статус (Текущо местоположение) Дата на вписване в системата Местоположение - отдел Цена в лева Инвентарен номер Систематично азбучна сигнатура Баркод Номер на екземпляра Цена в евро Служебна бележка Служебен тип на артикула Бележка за публиката
  Не е изгубен Universal Decimal Classification Не е повреден без рестрикции ползва се в читалня 234467 Регионална библиотека "Любен Каравелов" Русе Регионална библиотека "Любен Каравелов" Русе Хранилище 1973-01-01 Хранилище 0.28 149571 Цб І 34966 120000149571 1 0.14 Вид: Сф N: стар фонд Дата: 01.01.1973 Книги  
Изтеглен Не е изгубен   Не е повреден без рестрикции заемане за дома 234468 Регионална библиотека "Любен Каравелов" Русе Регионална библиотека "Любен Каравелов" Русе   1973-01-01 Детски отдел 0.28 160978 ДХ 886.7/С 30 160978 2 0.14 Вид: Сф N: стар фонд Дата: 01.01.1973 Дата инв: 25.09.2015 Бележки инв: Д2015 Книги Отч.N: 29/2017 , Дата: 17.08.2017
Изтеглен Не е изгубен   Не е повреден без рестрикции заемане за дома 234469 Регионална библиотека "Любен Каравелов" Русе Регионална библиотека "Любен Каравелов" Русе   1973-01-01 Детски отдел 0.80 160979 ДХ 886.7/С 30 160979 3 0.41 Вид: Сф N: стар фонд Дата: 01.01.1973 Дата инв: 25.09.2015 Бележки инв: Д2015 Книги Отч.N: 29/2017 , Дата: 17.08.2017
Vip Innovations Ltd, Rousse, Bulgaria 2025